| 000 | 00485nam a22001817a 4500 | ||
|---|---|---|---|
| 003 | LK-CoDNM | ||
| 005 | 20250127143721.0 | ||
| 008 | 250127b |||||||| |||| 00| 0 eng d | ||
| 040 |
_aLK-CoDNM _dLK-CoDNM _eLK-CoDNM |
||
| 041 | _aeng | ||
| 080 |
_a13 _bI18.1 |
||
| 100 | _aFeldman,W.M. | ||
| 245 | _aBiomathematics | ||
| 260 |
_aLondon _bCharles Griffin and company,Limited,Exeter street , Strand,W.O.2 _c1923 |
||
| 300 | _aviii, 398p ; 19 cm | ||
| 650 | _aBiomaths | ||
| 942 | _cBK | ||
| 999 |
_c237477 _d237477 |
||